Building control by legislation (Record no. 96113)

MARC details
000 -LEADER
fixed length control field 00639cam a2200229 4500
001 - CONTROL NUMBER
control field D4005
008 - FIXED-LENGTH DATA ELEMENTS--GENERAL INFORMATION
fixed length control field 970304 1983 ad 1
020 ## - INTERNATIONAL STANDARD BOOK NUMBER
International Standard Book Number 0741900443
035 ## - SYSTEM CONTROL NUMBER
System control number (Sirsi) u76068
041 0# - LANGUAGE CODE
Language code of text/sound track or separate title eng
050 04 - LIBRARY OF CONGRESS CALL NUMBER
Classification number 692.2 $2 18
100 1# - MAIN ENTRY--PERSONAL NAME
Personal name Garnham Wright, J. H.
245 00 - TITLE STATEMENT
Title Building control by legislation
Remainder of title the UK experience
260 ## - PUBLICATION, DISTRIBUTION, ETC.
Place of publication, distribution, etc. Chicester
Name of publisher, distributor, etc. John Wiley and Sons
Date of publication, distribution, etc. 1983
300 ## - PHYSICAL DESCRIPTION
Extent ix, 243p. 23cm
350 ## - PRICE (NR) (BK AM CF MU VM SE) [OBSOLETE]
Price 19.95
490 ## - SERIES STATEMENT
Series statement Wiley Theory and Practice of Building Control
Volume/sequential designation 1
651 #4 - SUBJECT ADDED ENTRY--GEOGRAPHIC NAME
Geographic name United Kingdom
Chronological subdivision
690 ## - LOCAL SUBJECT ADDED ENTRY--TOPICAL TERM (OCLC, RLIN)
Topical term or geographic name as entry element BUILT ENVIRONMENT-BUILDING STANDARDS
942 ## - ADDED ENTRY ELEMENTS (KOHA)
Suppress in OPAC 0
948 ## - LOCAL PROCESSING INFORMATION (OCLC); SERIES PART DESIGNATOR (RLIN)
c (OCLC) 04/03/1997
Holdings
Withdrawn status Lost status Source of classification or shelving scheme Damaged status Not for loan Home library Current library Shelving location Date acquired Cost, normal purchase price Total Checkouts Full call number Barcode Date last seen Date last checked out Copy number Cost, replacement price Price effective from Koha item type
    Dewey Decimal Classification     London London Basement 14/09/1999 19.95 3 SHELF 113 30020876 06/08/2019 05/01/2001 1 19.95 06/08/2019 Book